| 000 | 00851nam a22002532 4500 | ||
|---|---|---|---|
| 001 | 0000005289 | ||
| 005 | 20151217152000.0 | ||
| 008 | 070611s xx 000 0 eng d | ||
| 020 | _a0130130923 : | ||
| 040 |
_aKABU _cKABU |
||
| 050 | 0 |
_aTS155 _b.R87 2000 |
|
| 100 | 1 |
_aRussell, Roberta S. _@0000155180 |
|
| 245 | 1 | 0 |
_aOperations management : _bmultimedia version / _cRoberta S. Russell, Bernard W. Taylor III. |
| 250 | _a3rd ed. | ||
| 260 |
_aUpper Saddle River, NJ : _bPrentice Hall, _c2000. |
||
| 300 |
_axxiv, 868 p. : _bcol. ill. ; _c26 cm. |
||
| 504 | _aIncludes bibliographical references and index. | ||
| 650 | 0 |
_aProduction management. _@0000155181 |
|
| 650 | 0 |
_aQuality control. _@0000155182 |
|
| 700 | 1 |
_aTaylor, Bernard W. _@0000155183 |
|
| 908 | _a070611 | ||
| 950 | _@1 | ||
| 999 |
_c6975 _d6975 |
||